LEADER 01124nam a2200325 i 4500 001 991003549849707536 005 20250507160135.0 008 990916s1998 it er 001 0 ita d 020 $a8833911004 035 $ab10522190-39ule_inst 035 $aEXGIL122825$9ExL 040 $aDip.to Filol. Ling. e Lett.$bita$dSocioculturale Scs 041 1 $aita$hfre 082 04$a306.69113$223 100 1 $aCaillois, Roger$0144371 240 13$aLe Mythe et l'homme 245 13$aIl mito e l'uomo /$cRoger Caillois 260 $a[Torino] :$bBollati Boringhieri,$c[1998] 300 $a126 p. ;$c22 cm 490 1 $aSaggi. Storia, filosofia e scienze sociali 500 $aTraduzione di Alfredo Salsano 650 4$aMito$xSaggi 700 1 $aSalsano, Alfredo 830 0$aSaggi.$pStoria, filosofia e scienze sociali 907 $a.b10522190$b21-02-17$c27-06-02 912 $a991003549849707536 945 $aLE008 FL.M. X L 19$g1$i2008000001230$lle008$o-$pE0.00$q-$rl$s-$t0$u4$v2$w4$x0$y.i10600735$z27-06-02 996 $aMythe et l'homme$927823 997 $aUNISALENTO 998 $ale008$b01-01-99$cm$da$e-$fita$git$h3$i1